00717nam a2200205Ia 4500003000400000005001700004008004100021020001800062040001800080041000800098082002400106100002200130245008500152250001200237260004400249300002600293650006100319650007300380650005800453OSt20251014104206.0210716s2018 xx 000 0 und d a9781789136913 cAIMIT LIBRARY aeng a005.76813 21bKARM aKarim, Md Rezaul. aTensorFlow : bpowerful predictive analytics with tensorFlow /cBy Rezaul Karim. a1st ed. aMumbai :bPackt Publishing Ltd ,c2018. avi,152p. ;bPBc24 cm aFrom data to decisiona- getting started with tensortflow aClustering your data- unsupervised learning for predictive analytics aUsing reinforcement learning for predictive analytics